مكتبة جامعة عجلون الوطنية

فهرس بحث المكتبة

HOW TO DESIGN A LOGO : A STEB BY STEB GUIDE TO SHARPENING YOUR SKILLS IN LOGO DESIGN (Record no. 33724)

MARC details
000 -LEADER
fixed length control field 00388nam a22001457a 4500
003 - CONTROL NUMBER IDENTIFIER
control field JO-AjAnu
005 - DATE AND TIME OF LATEST TRANSACTION
control field 20241020142623.0
008 - FIXED-LENGTH DATA ELEMENTS--GENERAL INFORMATION
fixed length control field 241016b jo ||||| |||| 00| 0 ara d
040 ## - CATALOGING SOURCE
Transcribing agency JO-AjAnu
041 ## - LANGUAGE CODE
Language code of text/sound track or separate title ENG
245 #1 - TITLE STATEMENT
Title HOW TO DESIGN A LOGO : A STEB BY STEB GUIDE TO SHARPENING YOUR SKILLS IN LOGO DESIGN
300 ## - PHYSICAL DESCRIPTION
Extent 255 pages
650 70 - SUBJECT ADDED ENTRY--TOPICAL TERM
Topical term or geographic name entry element design
9 (RLIN) 66242
942 ## - ADDED ENTRY ELEMENTS (KOHA)
Source of classification or shelving scheme Library of Congress Classification
Koha item type Books
Suppress in OPAC No
Holdings
Withdrawn status Lost status Source of classification or shelving scheme Damaged status Not for loan Home library Current library Date acquired Total Checkouts Full call number Barcode Date last seen Price effective from Koha item type
    Library of Congress Classification     مكتبة جامعة عجلون الوطنية مكتبة جامعة عجلون الوطنية 16/10/2024   NK1175 E3917 16/10/2024 16/10/2024 Books